000 00427nam a2200121Ia 4500
008 220512s9999 xx 000 0 eng d
100 _aSoman, Krishna
245 0 _aWomen, medicine and politics of gender:Institution of traditional midwives in Twentieth century Bengal /
_cSoman, Krishna
260 _aKolkata :
_bInstitute of Development Studies,
_cNov-11
500 _aOccasional paper no 32
546 _aEnglish
942 _cPR
999 _c36665
_d36665